LEADER 01438nam a2200337 a 4500 001 000000125219 003 CaOOAMICUS 005 20110506093818.0 008 110506s2009 enk u000 u eng r 020 $a978-0-19-956916-8 040 $aPUL$bita 082 04$a341.24 245 00$aBlackstone's EU treaties & legislation :$b2009-2010 /$cedited by Nigel G. Foster. 246 33$aEU treaties & legislation 250 $a20th ed. 260 $aOxford ;$aNew York :$bOxford University Press,$c2009. 300 $axxvii, 755 p. ;$c25 cm 490 1 $aBlackstone's statutes series 504 $aBibliografia in nota. 610 14$aUnione europea$xDiritto.$0(OLS)http://pul/subject/27384 700 1 $aFoster, Nigel G.$0(OLS)http://pul/name/79212 830 0$aBlackstone's statutes series.$0(OLS)http://pul/title/157869 850 $aPUL 852 $aPUL$W1$xSL Diritto e Scienze Sociali 3$y79$m341. 24 FORNI 1$j144176$qDDC 21$B143211$CPULBib$Z2$F143211 $H115401 $82 941 1 $a9 996 $6020$a978-0-19-956916-8$9(OLS)http://pul/number/147068 996 $6082$a341.24$9(OLS)http://pul/classification/508 996 $6245$aBlackstone's EU treaties & legislation :$b2009-2010$9(OLS)http://pul/title/157867 996 $6246$aEU treaties & legislation$9(OLS)http://pul/title/157868 996 $6260$aOxford ;$aNew York :$bOxford University Press$9(OLS)http://pul/publisher/74678 LEADER 01365nam a2200301 u 4500 001 000000058851 003 CaOOAMICUS 005 20070226120734.0 008 010614s1970 it u000 u ita u 035 $a10892623 040 $aPUL(R)$bita 100 1 $aMartini, Carlo Maria,$ccardinale, arcivescovo di Milano,$d1927-2012.$0(OLS)http://pul/name/6653 245 13$aIl cristiano e la vita di fede /$cCarlo M. Martini [e] Pelagio Visentin ; presentazione di Pino Scabini. 260 $aRoma :$bA.V.E.,$cc1970. 300 $a34 p. ;$c21 cm 490 1 $aAVE minima ;$v63 504 $aNote bibliografiche. 650 4$aFede.$0(OLS)http://pul/subject/668 700 1 $aScabini, Pino,$d1926-2009.$0(OLS)http://pul/name/30480 700 1 $aVisentin, Pelagio.$0(OLS)http://pul/name/26187 830 0$aMinima (A.V.E.) ;$v63.$0(OLS)http://pul/title/9083 850 $aPUL 852 $aPUL$W1$xDP1 Altre Collocazioni$y17$mSenza collocazione$j12$nBK-PRI$b $qStampati$B76831$CPULBib$Z2$F76831 $H $81 852 $aPUL$W1$xDP1 Religione 1$y20$m557 I 7$j76832$nBK-PRI$b $qStampati$B76832$CPULBib$Z2$F76832 $H $81 941 1 $a8 961 $aINV: 62294 996 $6245$aIl cristiano e la vita di fede$9(OLS)http://pul/title/78850 996 $6260$aRoma :$bA.V.E.$9(OLS)http://pul/publisher/47979